000 00596nam a2200241Ia 4500
003 OSt
005 20220924144104.0
006 a|||||r|||| 00| 0
007 ta
008 220923b |||||||| |||| 00| 0 urd d
020 _c200.00
024 _a311840
037 _cTextual
040 _aARTS
_cARTS
_burd
041 _2urd
_aurd
082 _aO168,1:gwN3, N2
100 _aMahmood Zafar
_9216991
245 0 _aUjjain aur Urdu adab
260 _c1992
650 _aURDU POETRY
942 _hO168,1:gwN3, N2
_cTEXL
_2CC
999 _c456036
_d456036